| 000 | 00870aas a2200241 4500 | ||
|---|---|---|---|
| 999 |
_c635 _d635 |
||
| 003 | BR-BrBNA | ||
| 005 | 20230317232825.0 | ||
| 007 | ta | ||
| 008 | 230119b bl ||||| |||| 00| 0 por d | ||
| 022 | _a0100-3739 | ||
| 035 | _a000485-5 | ||
| 040 |
_aBR-BrBNA _bPor _cBR-BrBNA |
||
| 042 | _a072182-4 | ||
| 044 | _abl | ||
| 245 | _aTeses e Monografias - Universidade de São Paulo. Inst. de Geografia (Brazil) | ||
| 260 |
_aSão Paulo-SP _bUSP. Instituto de Geografia _c1969. Data final de publicação em 1982 _eBSP |
||
| 270 | _aCaixa Postal 20715 - 05508 | ||
| 310 | _airregular | ||
| 505 | _a1969-70 (1-3); 1971 (4-5,6); 1972-73 (7-8); 1974 (9-10,11,14); 1975 (12,13,15-19,20); 1976 (21-22,23,24-26,27-28); 1977 (29-30,33); 1978 (32,33-34); 1979 (34-35); 1980 (38 1,40); 1981 (41-42); 1982 2(39 2); | ||
| 650 | 1 | 2 | _gGEOGRAFIA |
| 909 |
_a56 _bSergio Santos _c56 _dSergio Santos |
||
| 942 |
_cCR _2AGRIS |
||